000 01610 a2200241 4500
999 _c11268
_d11268
020 _a9781285735511
050 _aRA976
_bPRO 2015
245 _aProfessional review guide for the RHIA and RHIT examinations 2014 edition /
_cPatricia J. Schnering et al.
250 _a2014 edition
264 _aAustralia :
_bCengage;
_c2015
300 _axxviii, 578 pages;
_billustrations
336 _2rdacontent
_atext
_btxt
337 _2rdamedia
_aunmediated
_bn
338 _2rdacareer
_avolume
_bnc
500 _aIncludes bibliographical references
505 _aExamination study strategies and resources Test-taking skills Health data content and standards Information retention and access Classificiation systems and secondary data sources Medical billing and reimbursement systems Medical science ICD-10-CM/PCS coding CPT coding Informatics and information systems Health information privacy and security Health law Health statistics and research Quality and performance improvement Organization and management Human resources Mock examination
520 _aPrepares qualified HIM professionals for the American Health Information Management Association (AHIMA) Registered Health Information Administrator (RHIA) and Registered Health Information Technician (RHIT) exams. This book delves into methods and systems for medical coding, reimbursements, data analysis, research, and more.
650 _a
650 _aExaminations
650 _aMedical records Management
700 _aButts, Debora
942 _2lcc
_cBK
_e2014 edition
_h976
_iPRO
_kRA